000
00305nam a22001337a 4500
008
171006b xxu||||| |||| 00| 0 eng d
020
_a
9780195149388
041
_a
eng
080
_a
159.9
100
_a
49
101
_a
PSI
245
_a
THEORY AND PRACTICE OF PSYCHIATRY
_c
COHEN, B.J
942
_2
udc
_c
BK
999
_c
32221
_d
32221